• 首页
  • 本馆介绍
  • 公告通知
  • 最新文献
  • 馆藏检索
  • 电子资源
  • 读者导购
  • 参考咨询
  • 我的图书馆
  • 登录
  • 详细信息显示
  • 放入我的书架
  • 预约/预借图书
  • 作者相关作品
  • 分类相关作品
  • 丛书相关作品
  • 出版社相关作品

书目信息

  • 表格格式
  • 工作单格式
  • 卡片格式
题名:
生物化学工程基础
    
 
作者: 李再资 , 黄肖容 , 谢逢春 编著
分册:  
出版信息: 北京   化学工业出版社  2006
页数: 189页
开本: 26cm
丛书名:
单 册:
中图分类: TQ033
科图分类:
主题词: 生物化学--化学反应工程--高等学校--教材 , 生物化学 , 化学反应工程
电子资源:
ISBN: 7-5025-7358-5
000 01093nam0 2200313 450
001 012007162735
005 20070625161508.46
010    @a7-5025-7358-5@dCNY22.00
100    @a20070515d2006 km y0chiy0120 ea
101 0  @achi
102    @aCN@b110000
105    @aa z 000yy
106    @ar
200 1  @a生物化学工程基础@Asheng wu hua xue gong cheng ji chu@f李再资,黄肖容,谢逢春编著@Fli zai zi,huang xiao rong,xie feng chun bian zhu
205    @a2版
210    @a北京@c化学工业出版社@d2006
215    @a189页@c图@d26cm
300    @a面向21世纪课程教材生物工程专业系列教材
330    @a本书主要讲述了工业微生物学基础、代谢作用与发酵、遗传的分子基础与基因工程、酶与酶工程、生物技术的工程应用等内容。
510 1  @aBiochemical engineering fundamentals@zeng
606 0  @a生物化学@x化学反应工程@x高等学校@j教材
606 0  @a生物化学
606 0  @a化学反应工程
690    @aTQ033@v4
701  0 @a李再资@Ali zai zi@4编著
701  0 @a黄肖容@Ahuang xiao rong@4编著
701  0 @a谢逢春@Axie feng chun@f(1963~)@4编著
801  0 @aCN@bRULIN@c20070625
905    @dTQ033@e131=2@s8
    
    生物化学工程基础/李再资,黄肖容,谢逢春编著.-2版.-北京:化学工业出版社,2006
    189页:图;26cm
    面向21世纪课程教材生物工程专业系列教材
    
    ISBN 7-5025-7358-5:CNY22.00
    本书主要讲述了工业微生物学基础、代谢作用与发酵、遗传的分子基础与基因工程、酶与酶工程、生物技术的工程应用等内容。
●
相关链接 在E读中查询图书 在五车中查询图书 在当当中查询图书 在豆瓣中查询图书


正题名:生物化学工程基础     索取号:TQ033/131=2         预约/预借

序号 登录号 条形码 馆藏地/架位号 状态 备注
1 0579095   205790955   第二样本阅览室/ [索取号:TQ033/131=2] 在馆    
2 0579096   205790964   密集书库/ [索取号:TQ033/131=2] 在馆    
3 0579097   205790973   密集书库/ [索取号:TQ033/131=2] 在馆    
4 0579098   205790982   密集书库/ [索取号:TQ033/131=2] 在馆    
5 0579099   205790991   第三借阅区/ [索取号:TQ033/131=2] 在馆    
6 0579100   205791008   第三借阅区/ [索取号:TQ033/131=2] 在馆    
7 0579101   205791017   第三借阅区/ [索取号:TQ033/131=2] 在馆    
8 0579102   205791026   第三借阅区/ [索取号:TQ033/131=2] 在馆    
唐山师范学院图书馆 欢迎您!
大连网信软件有限公司© 版权所有